Foundations of Pentecostal theology. (Record no. 14130)

000 -LEADER
fixed length control field 02030nam a2200325 a 4500
001 - CONTROL NUMBER
control field :::00011954$&:&@@
003 - CONTROL NUMBER IDENTIFIER
control field OkBaRHE
005 - DATE AND TIME OF LATEST TRANSACTION
control field 20110517215031.0
008 - FIXED-LENGTH DATA ELEMENTS--GENERAL INFORMATION
fixed length control field s1983 g 000 0 eng u
020 ## - INTERNATIONAL STANDARD BOOK NUMBER
International Standard Book Number 83025611
040 ## - CATALOGING SOURCE
Transcribing agency
100 1# - MAIN ENTRY--PERSONAL NAME
Personal name Duffield, Guy P., 1909-
9 (RLIN) 838
245 10 - TITLE STATEMENT
Title Foundations of Pentecostal theology.
260 ## - PUBLICATION, DISTRIBUTION, ETC. (IMPRINT)
Place of publication, distribution, etc Los Angeles, CA., :
Name of publisher, distributor, etc L.I.F.E. Bible College
Date of publication, distribution, etc 1983
300 ## - PHYSICAL DESCRIPTION
Extent xxviii, 624 p. ;
Dimensions 24 cm.
650 ## - SUBJECT ADDED ENTRY--TOPICAL TERM
Topical term or geographic name as entry element Pentecostal Churches
General subdivision Doctrines
9 (RLIN) 839
650 ## - SUBJECT ADDED ENTRY--TOPICAL TERM
Topical term or geographic name as entry element Pentecostalism
9 (RLIN) 840
650 ## - SUBJECT ADDED ENTRY--TOPICAL TERM
Topical term or geographic name as entry element Theology, Doctrinal
700 ## - ADDED ENTRY--PERSONAL NAME
Personal name Van Cleave, Nathaniel M., 1907- , Joint author.
9 (RLIN) 841
942 ## - ADDED ENTRY ELEMENTS (KOHA)
Source of classification or shelving scheme
Koha item type Books
Copies
Full call number Date last seen Withdrawn status Damaged status Koha item type Shelving location Current Location Lost status Total Renewals Date checked out Total Checkouts Date acquired Permanent Location Price effective from Copy number Not for loan Source of classification or shelving scheme Barcode
BX 8762 .Z5 D84 19832010-04-14  BooksGeneral Stacks     2010-04-14RHEMA Bible Training College2010-04-149  21429
BX 8762 .Z5 .Z5 D842019-04-19  BooksGeneral StacksRHEMA Bible Training College  2019-04-0532010-04-14RHEMA Bible Training College2010-04-141  21425
BX 8762 .Z5 D84 19832011-04-29  BooksGeneral StacksRHEMA Bible Training College 22011-03-2412010-04-14RHEMA Bible Training College2010-04-142  11954
BX 8762 .Z5 D84 19832020-02-05  BooksGeneral StacksRHEMA Bible Training College  2020-01-1422010-04-14RHEMA Bible Training College2010-04-143  16385
BX 8762 .Z5 D84 19832017-03-20  BooksGeneral StacksRHEMA Bible Training College  2017-03-0722010-04-14RHEMA Bible Training College2010-04-144  16386
BX 8762 .Z5 D84 19832022-01-07  BooksGeneral StacksRHEMA Bible Training College 52021-12-1732010-04-14RHEMA Bible Training College2010-04-145  00021048
BX 8762 .Z5 D84 19832010-04-14  BooksGeneral StacksRHEMA Bible Training College    2010-04-14RHEMA Bible Training College2010-04-146  21426
BX 8762 .Z5 D84 19832018-05-01  BooksGeneral StacksRHEMA Bible Training College 52018-04-1722010-04-14RHEMA Bible Training College2010-04-147  21427
BX 8762 .Z5 D84 19832011-09-30  BooksGeneral StacksRHEMA Bible Training College    2010-04-14RHEMA Bible Training College2010-04-148  00021428